|
|
|
|
| LEADER |
00000nam a22000007a 4500 |
| 005 |
2012091700380.0 |
| 007 |
cr|||| |||| |
| 008 |
120917s2012 mx |||||s|||| 00||0 spa d |
| 020 |
|
|
|a 978-607-8237-03-6
|
| 035 |
|
|
|a 6696
|
| 040 |
|
|
|a vLex
|
| 090 |
|
|
|c 3430
|d 3430
|
| 100 |
1 |
|
|a Rabasa Gamboa, Emilio
|
| 245 |
1 |
3 |
|a La reforma penal de los juicios orales
|h [Recurso electrn̤ico] /
|c Emilio Rabasa Gamboa
|
| 256 |
|
|
|a Servicio en ln̕ea
|
| 260 |
|
|
|a Mx̌ico, D.F.:
|b Nostra Ediciones,
|c 2012
|
| 300 |
|
|
|a 1 recurso electrn̤ico
|
| 506 |
1 |
|
|a Contenido solo disponible en los productos indicados
|d vLex Global
|d vLex Global (Academic Edition, excluding Law Schools)
|d vLex Global (U.S. Academic Edition, Law Schools)
|d vLex Global (U.S. Academic Edition, excluding Law Schools)
|d vLex Global (Academic Edition, Law Schools)
|
| 650 |
|
|
|a Derecho penal
|
| 740 |
0 |
|
|a vLex libros (Servicios en ln̕ea)
|
| 856 |
4 |
0 |
|u http://vlex.com/source/6696
|z Acceso restringido
|
| 942 |
|
|
|c BOOK
|
| 999 |
0 |
|
|a Criminal law
|